000 00401nam a22001217a 4500
082 _a220 PRO
100 _aNC Mahnoor Mahmood NC Muhammad Talha Rana
_973060
245 _aPR-SOF-1924-Design of an Efficient Driveline for Shell Eco Marathon (SEM) Vehicle
260 _aISLAMABAD
_bNUST COLLEGE OF EM
_c220
650 _aDE-COMP-38
700 _aProject Supervisor Dr Raja Amir Aziz
_973061
942 _cCR
999 _c578945
_d578945